01230nam a2200301Ic 450000100060000000300100000600500170001600700030003300800410003604000350007704100080011208200220012011000750014224501760021725000180039326400380041133600270044933700330047633800280050965000540053765000500059165000450064165000250068665000510071194200120076299900170077495201370079160435CO-BoRNBP20260206141438.0ta161128s1999 ck g 000 0 spa  aCO-BoRNBPbspaerdacCO-BoRNBP aspa04a352.1309861bC64i2 aColombia. Departamento Administrativo de la Función Pública96864810aIrradiando la paz :bhacia una nueva forma de gestión pública /cDepartamento Administrativo de la Función Pública, Escuela Superior de Administración Pública. a1a. edición 1aBogotá, Colombia :bEsap,c1999 atextobtxt2rdacontent asin mediaciónbn2rdamedia avolumenbnc2rdacarrier17aAdministración municipalzColombia2lemb96864917aAdministracion PublicazColombia2lemb96865007aFunción publicazColombia2lemb96865107aGestion2lemb96865217aProyectos de DesarrollozColombia2lemb968653 2ddccBK c60435d60435 00102lcc40708GENaMEPCONCObMEPCONCOcGENd2026-02-06l0o352.1309861 C64ipPCON00761r2026-02-06 14:15:01tEj.1w2026-02-06yBK